| 000 | 00000nam 2200000za 4500 |
| 001 | 9.639591 |
| 003 | CaOODSP |
| 005 | 20221107134335 |
| 007 | cr ||||||||||| |
| 008 | 150407|1996||||xxc|||||o f|0| 0 fre d |
| 040 | |aCaOODSP|bfre |
| 043 | |an-cn--- |
| 086 | 1 |aF1-23/1996-6F-PDF |
| 110 | 1 |aCanada. |bMinistère des finances. |
| 245 | 13|aLe nouveau système de pensions alimentaires pour enfants |h[ressource électronique]. |
| 246 | 1 |aBudget 1996 |
| 260 | |aOttawa : |bFinances Canada, |cle 6 mars 1996. |
| 300 | |a54 p. |
| 500 | |aLe nº de catalogue (F1-23/1996-6F) et l'ISBN (0-660-80962-9) de l'édition imprimée ont été incorrectement copiés dans cette édition électronique. |
| 500 | |aPublié aussi en anglais sous le titre : The new child support package. |
| 590 | |a12-11-Supp|b2012-03-27 |
| 691 | 07|aBudget|2gcpds |
| 691 | 07|aPension alimentaire|2gcpds |
| 775 | 08|tThe new child support package |w(CaOODSP)9.695455 |
| 856 | 40|ahttp://publications.gc.ca|qPDF|s151 Ko|uhttps://publications.gc.ca/collections/Collection/F1-23-1996-6F.pdf |